Memphis Int'l Airport (MEM) Destinations - Statistics

General Stats
  • This quiz has been taken 178 times
    114 since last reset
  • The average score is 31 of 38
Answer Stats
Hint Airlines Answer % Correct
Georgia Delta, Southwest Atlanta
99%
Texas American Dallas (DFW)
99%
Texas Southwest Dallas (Love)
99%
Illinois Southwest Chicago (Midway)
97%
Illinois American, United Chicago (O'Hare)
97%
Texas United Houston (Bush)
96%
Texas Southwest Houston (Hobby)
96%
Florida American, Frontier Miami
94%
Massachusetts Delta Boston
93%
California Delta, Allegiant Los Angeles
93%
Florida American, Southwest, Frontier Orlando
93%
Florida Allegiant Sanford
93%
Texas Allegiant Austin
92%
North Carolina American Charlotte
92%
Colorado United, Southwest, Frontier Denver
92%
Michigan Delta Detroit
92%
Arizona Allegiant Mesa
92%
Arizona American, Southwest Phoenix
92%
Maryland Southwest Baltimore
90%
Iowa Allegiant Des Moines
90%
Nevada Frontier, Allegiant Las Vegas
90%
New York American, Delta New York City (LaGuardia)
90%
Minnesota Delta Minneapolis
89%
Pennsylvania American, Frontier Philadelphia
88%
Florida Southwest Tampa
88%
New Jersey United Newark
85%
Utah Delta Salt Lake City
82%
Ohio Allegiant Cincinnati
81%
Pennsylvania Allegiant Pittsburgh
79%
Florida Allegiant Fort Lauderdale
72%
Florida Southern Airways Express Destin
68%
Florida Allegiant Fort Walton Beach
68%
N/A American Washington (National)
65%
Florida Allegiant West Palm Beach
53%
Florida Allegiant St. Petersburg
51%
Arkansas Southern Airways Express Hot Springs
36%
Arkansas Southern Airways Express El Dorado
25%
Arkansas Southern Airways Express Harrison
19%
No matching quizzes found
Score Distribution
Percent of People with Each Score
Percentile by Number Answered
Your Score History
You have not taken this quiz since the last reset